[Event "chess.com SpeedChess Q2Sw"]
[Site "chess.com INT"]
[Date "2022.11.12"]
[Round "13"]
[White "Han, Yichen"]
[Black "Aarav, Dengla"]
[Result "1-0"]
[WhiteTitle "FM"]
[BlackTitle "FM"]
[WhiteElo "2423"]
[BlackElo "2357"]
[WhiteFideId "1054430"]
[BlackFideId "45059756"]
[EventDate "2022.11.12"]

1. d4 d5 2. c4 e6 3. Nc3 a6 4. cxd5 exd5 5. Qb3 c5 6. Nxd5 Nc6 7. Bg5 f6 8. Be3
cxd4 9. Bd2 Bd6 10. e4 Nge7 11. Nf3 Nxd5 12. exd5 Ne5 13. Nxd4 Bc5 14. Ne6 Bxe6
15. dxe6 Bxf2+ 16. Kd1 Qd6 17. Qa4+ Nc6 18. Kc2 Rd8 19. Bc3 b5 20. Qg4 O-O 21.
Rd1 Qc5 22. Kb1 Bd4 23. Bxd4 Rxd4 24. Rxd4 Qxd4 25. Qxd4 Nxd4 26. e7 Re8 27. Bd3
Rxe7 28. Rc1 Kf7 29. a3 Ne2 30. Rc6 Nf4 31. Bc2 Nxg2 32. Rxa6 Ne1 33. Bb3+ Kg6
34. Rb6 Nf3 35. Rxb5 Nxh2 36. a4 Kh6 37. a5 g5 38. a6 g4 39. Rb7 g3 40. Bd5 g2
41. Bxg2 Re1+ 42. Ka2 Re5 43. a7 Ra5+ 44. Kb3 Ng4 45. Re7 Ne5 46. a8=Q Rxa8 47.
Bxa8 Kg6 48. Re6 Kf5 49. Ra6 h5 50. Bg2 h4 51. Ra4 Kg5 52. Kc2 Ng4 53. b4 Ne3+
54. Kd3 Nxg2 55. b5 Nf4+ 56. Ke3 Nd5+ 57. Kf3 h3 58. Kg3 Kf5 59. Rd4 Ke5 60. Rd1
Kd6 61. b6 Kc6 62. b7 Nc3 63. b8=Q Nxd1 64. Qc8+ Kd5 65. Qd8+ Ke4 66. Qxd1 h2
67. Qf3+ Ke5 68. Kxh2 f5 69. Kg3 f4+ 70. Qxf4+ Ke6 71. Kf3 Ke7 72. Ke4 Kd7 73.
Kd5 Ke7 74. Qh6 Kf7 75. Ke5 Kg8 76. Qg6+ Kh8 77. Qg1 Kh7 78. Kf6 1-0

[Event "chess.com SpeedChess Q2Sw"]
[Site "chess.com INT"]
[Date "2022.11.12"]
[Round "13"]
[White "Durarbayli, Vasif"]
[Black "Aditya, Mittal"]
[Result "1/2-1/2"]
[WhiteTitle "GM"]
[BlackTitle "IM"]
[WhiteElo "2612"]
[BlackElo "2486"]
[WhiteFideId "13402935"]
[BlackFideId "35042025"]
[EventDate "2022.11.12"]

1. e4 c5 2. Nf3 d6 3. d4 cxd4 4. Nxd4 Nf6 5. Nc3 a6 6. Be2 e5 7. Nb3 Be7 8. Be3
Be6 9. Nd5 Nbd7 10. Qd3 O-O 11. c4 b5 12. cxb5 axb5 13. O-O Bxd5 14. exd5 Nb6
15. Bxb6 Qxb6 16. Qxb5 Rfb8 17. Qxb6 Rxb6 18. Bc4 Rb4 19. Rfc1 Rc8 20. Na5 Rxb2
21. Nc6 Bf8 22. a4 Ne4 23. f3 Nc5 24. a5 Ra8 25. a6 g6 26. a7 Bh6 27. Rcb1 Be3+
28. Kh1 Rb7 29. Rxb7 Nxb7 30. Rb1 Bxa7 31. Rxb7 Be3 32. Rb8+ Rxb8 33. Nxb8 f5
34. g3 Kf7 35. Kg2 Ke7 36. Kf1 Kd8 37. Nc6+ Kc7 38. Ke2 Bg1 39. h3 Kb6 40. g4
Kc5 41. Ba2 fxg4 42. fxg4 e4 43. Nd8 Kd4 44. Nf7 Bh2 45. Ng5 h5 46. Bb1 hxg4 47.
hxg4 Bf4 48. Nxe4 Kxd5 49. Kf3 Be5 50. g5 Ke6 51. Nf2 Kf7 52. Ba2+ Kg7 53. Bd5
Bc3 54. Kg4 Bd4 55. Nd3 Be3 56. Be4 Bd4 57. Nf4 Be3 58. Nxg6 d5 59. Bd3 d4 60.
Ne5 Bxg5 61. Kxg5 Kf8 62. Kf6 Ke8 63. Ke6 Kd8 64. Kd5 Ke7 65. Kxd4 Ke6 66. Ke4
Kf6 67. Bc4 Ke7 68. Kd5 Kf6 69. Bd3 Ke7 70. Ng4 Kf7 71. Ke5 Ke7 72. Nf6 Kf7 73.
Bf5 Ke7 74. Be6 Kf8 75. Nh5 Ke7 76. Ng7 Kf8 77. Nf5 Ke8 78. Kd6 Kf8 79. Ke5 Ke8
80. Kf6 Kf8 81. Ne7 Ke8 82. Bf5 Kf8 83. Bd3 Ke8 84. Ng6 Kd7 85. Ke5 Kc6 86. Ne7+
Kd7 87. Nd5 Kc6 88. Be2 Kc5 89. Ne7 Kb4 90. Kd4 Kb3 91. Nd5 Kc2 92. Ke3 Kc1 93.
Kd3 Kb2 94. Bd1 Kc1 95. Bc2 Kb2 96. Kd2 Ka1 97. Kc3 Ka2 98. Bb3+ Kb1 99. Nb4 Ka1
100. Nc2+ Kb1 101. Bd5 Kc1 102. Ba2 Kd1 103. Nd4 Ke1 104. Kd3 Kf2 105. Ne2 Kf3
106. Be6 Kf2 107. Bd5 Kf1 108. Ke3 Ke1 109. Bb3 Kf1 110. Nf4 Ke1 111. Nd3+ Kf1
112. Kf3 Kg1 113. Bc4 Kf1 114. Bb5 Kg1 115. Nf2 1/2-1/2

[Event "chess.com SpeedChess Q2Sw"]
[Site "chess.com INT"]
[Date "2022.11.12"]
[Round "13"]
[White "Srihari, L R"]
[Black "Eynullayev, Altay"]
[Result "0-1"]
[WhiteTitle "IM"]
[BlackTitle "FM"]
[WhiteElo "2436"]
[BlackElo "2214"]
[WhiteFideId "46617116"]
[BlackFideId "13413562"]
[EventDate "2022.11.12"]

1. Nf3 Nf6 2. g3 e6 3. Bg2 d5 4. O-O Be7 5. d3 O-O 6. Nbd2 c5 7. e4 Nc6 8. Re1
b5 9. a4 b4 10. exd5 Nxd5 11. Nc4 Bb7 12. Bd2 Qc7 13. a5 Ba6 14. Nfe5 Rad8 15.
Nxc6 Qxc6 16. Ne5 Qc7 17. Qh5 Bf6 18. f4 c4 19. dxc4 Bxc4 20. b3 Bb5 21. Rac1 g6
22. Qf3 Nc3 23. Be3 Nd5 24. Bf2 a6 25. Ng4 Bg7 26. Ne5 Rfe8 27. Bf1 Rb8 28. Bxb5
Rxb5 29. Nc4 Nc3 30. Re3 Rd5 31. Rd3 Qe7 32. Re1 Red8 33. Rxd5 Rxd5 34. Kg2 Qd8
35. Bb6 Qd7 36. Bf2 Qb5 37. h4 h5 38. Rf1 Qe8 39. Be1 Qd8 40. Bxc3 bxc3 41. Rf2
Rd1 42. Rf1 Rd5 43. Rf2 Qe8 44. Re2 Qb5 45. Rf2 Qc5 46. Re2 Qd4 47. Rf2 Kh7 48.
Kh2 Qc5 49. Rg2 Qc8 50. Nb6 Qd8 51. Nxd5 exd5 52. f5 Qxa5 53. fxg6+ fxg6 54. Re2
Qc7 55. Qd3 Qd7 56. Kg2 d4 57. Kh2 Qg4 58. Re4 Qf5 59. Rf4 Qe5 60. Rf2 Qd6 61.
Rg2 Be5 62. Kh3 Qe6+ 63. Kh2 Qg4 64. Qxa6 Qxh4+ 65. Kg1 Qg4 66. Qb7+ Bg7 67. Qa6
Qd1+ 68. Qf1 Qg4 69. Qd3 Be5 70. Kh2 h4 71. Kg1 hxg3 72. Qe2 Qg5 73. Qd3 Bf4 74.
Re2 Be3+ 75. Kg2 Qh4 76. Kf3 Qf4+ 77. Kg2 Qh4 78. Kf3 Qh3 79. Rg2 Qh1 80. Kxg3
Qe1+ 81. Kf3 Qh4 82. Qe4 Qf6+ 83. Ke2 Qa6+ 84. Qd3 Qf6 85. Rh2+ Kg7 86. Rg2 Qe6
87. b4 Qd6 88. b5 Qe6 89. Kf3 Qd5+ 90. Kg3 Qg5+ 91. Kf3 Qd5+ 92. Qe4 Qh5+ 93.
Qg4 Qd5+ 94. Ke2 Qxb5+ 95. Ke1 Qb1+ 96. Qd1 Qxd1+ 97. Kxd1 Kf6 98. Ke2 Kf5 99.
Kf3 g5 100. Rg4 d3 101. cxd3 c2 102. Re4 c1=Q 103. Rxe3 Qf1+ 104. Kg3 Qf4+ 105.
Kg2 Qxe3 0-1

[Event "chess.com SpeedChess Q2Sw"]
[Site "chess.com INT"]
[Date "2022.11.12"]
[Round "14"]
[White "Steinberg, Nitzan"]
[Black "Martinez Alcantara, Jose Eduardo"]
[Result "0-1"]
[WhiteTitle "GM"]
[BlackTitle "GM"]
[WhiteElo "2537"]
[BlackElo "2597"]
[WhiteFideId "2801795"]
[BlackFideId "3805662"]
[EventDate "2022.11.12"]

1. d4 Nf6 2. Nf3 e6 3. c4 Bb4+ 4. Bd2 Qe7 5. g3 Bxd2+ 6. Qxd2 Nc6 7. Nc3 d5 8.
cxd5 exd5 9. Bg2 O-O 10. O-O Be6 11. Ne1 a6 12. e3 Na7 13. Nd3 c6 14. a4 Nc8 15.
a5 Nd6 16. Nc5 Rae8 17. Ra4 Bc8 18. Re1 h5 19. h3 g6 20. Rb4 Nh7 21. h4 Nf6 22.
N3a4 Nc4 23. Qc3 Nd6 24. Qa3 Nb5 25. Qd3 Bf5 26. Qd2 Ne4 27. Nxe4 Bxe4 28. Bxe4
Qxe4 29. Nc5 Qe7 30. Ra4 Nd6 31. Raa1 f6 32. Qd3 Kg7 33. Kg2 g5 34. Rh1 Rh8 35.
Rh2 Qf7 36. Rah1 g4 37. Ra1 Re7 38. Ra3 Rhe8 39. Rh1 Nc4 40. Ra2 Nxe3+ 41. fxe3
Rxe3 42. Qd1 Re2+ 43. Kf1 Qe7 44. Nd3 Qe3 0-1

[Event "chess.com SpeedChess Q2Sw"]
[Site "chess.com INT"]
[Date "2022.11.12"]
[Round "14"]
[White "Mezhlumyan, Vahram"]
[Black "Kabanova, Ekaterina"]
[Result "1-0"]
[WhiteTitle "FM"]
[BlackTitle "WFM"]
[WhiteElo "2208"]
[BlackElo "2088"]
[WhiteFideId "13302183"]
[BlackFideId "24112917"]
[EventDate "2022.11.12"]

1. d4 c5 2. d5 e5 3. c4 a6 4. Nc3 d6 5. e4 Ne7 6. Bd3 Ng6 7. Nge2 Be7 8. h3 O-O
9. Be3 Bg5 10. Qd2 Bxe3 11. Qxe3 Nd7 12. g4 Rb8 13. a4 b6 14. Kd2 Nh4 15. Rag1
Qc7 16. Ng3 b5 17. axb5 axb5 18. cxb5 c4 19. Bc2 Qa5 20. Nf5 Ng6 21. Nxd6 Rb6
22. Nxc4 Qa7 23. Nxb6 Nxb6 24. Ke2 Nf4+ 25. Kf3 Qc7 26. Bd3 g6 27. Rc1 Qd8 28.
Ne2 Nxe2 29. Kxe2 Nd7 30. Rc6 Bb7 31. Rhc1 Bxc6 32. bxc6 Nf6 33. c7 Qd7 34. Qc5
Rc8 35. Ba6 Nxe4 36. Bxc8 Qxc8 37. Qe7 Kg7 38. Qxe5+ Nf6 39. g5 Qa6+ 40. Ke1
Qa5+ 41. Kf1 Qb5+ 42. Kg1 Qxd5 43. Qxf6+ Kg8 44. c8=Q+ Qd8 45. Qcxd8# 1-0

[Event "chess.com SpeedChess Q2Sw"]
[Site "chess.com INT"]
[Date "2022.11.12"]
[Round "14"]
[White "Peyrer, Konstantin"]
[Black "Walentukiewicz, Michal"]
[Result "0-1"]
[WhiteTitle "FM"]
[BlackTitle "CM"]
[WhiteElo "2393"]
[BlackElo "2088"]
[WhiteFideId "1640879"]
[BlackFideId "1126903"]
[EventDate "2022.11.12"]

1. e3 g6 2. Nf3 Bg7 3. c4 c5 4. Nc3 Nf6 5. Rb1 O-O 6. a3 Nc6 7. b4 cxb4 8. axb4
d5 9. b5 Na5 10. cxd5 Nxd5 11. Nxd5 Qxd5 12. Qa4 b6 13. Be2 Bb7 14. O-O e5 15.
d3 e4 16. dxe4 Qxe4 17. Rb4 Qe7 18. Ba3 Rfd8 19. Rh4 Qe6 20. Rxh7 Bxf3 21. Rxg7+
Kxg7 22. Bxf3 Rac8 23. Bb2+ f6 24. Bg4 Qc4 25. Qa1 Qxg4 26. Bxf6+ Kh7 27. Bxd8
Rxd8 28. Rc1 Nb3 29. h3 Qd7 0-1

[Event "chess.com SpeedChess Q2Sw"]
[Site "chess.com INT"]
[Date "2022.11.12"]
[Round "14"]
[White "Salem, A.R. Saleh"]
[Black "Grischuk, Alexander"]
[Result "0-1"]
[WhiteTitle "GM"]
[BlackTitle "GM"]
[WhiteElo "2677"]
[BlackElo "2745"]
[WhiteFideId "9301348"]
[BlackFideId "4126025"]
[EventDate "2022.11.12"]

1. d4 Nf6 2. c4 e6 3. Nc3 Bb4 4. a3 Bxc3+ 5. bxc3 c5 6. f3 Nc6 7. e4 d6 8. Be3
b6 9. Bd3 O-O 10. Ne2 cxd4 11. cxd4 e5 12. d5 Na5 13. Bg5 h6 14. Bh4 g5 15. Bf2
Nh5 16. h4 g4 17. Be3 Qf6 18. O-O g3 0-1

[Event "chess.com SpeedChess Q2Sw"]
[Site "chess.com INT"]
[Date "2022.11.12"]
[Round "14"]
[White "Pranav, V"]
[Black "Fridman, Daniel"]
[Result "0-1"]
[WhiteTitle "IM"]
[BlackTitle "GM"]
[WhiteElo "2548"]
[BlackElo "2602"]
[WhiteFideId "25060783"]
[BlackFideId "11600454"]
[EventDate "2022.11.12"]

1. e4 e6 2. d4 d5 3. Nc3 Nf6 4. e5 Nfd7 5. f4 c5 6. Nf3 Nc6 7. Be3 Qb6 8. Na4
Qa5+ 9. c3 b6 10. a3 c4 11. b4 cxb3 12. Qxb3 Ba6 13. Bxa6 Qxa6 14. Nb2 Rc8 15.
O-O-O Bxa3 16. Kb1 Bxb2 17. Qxb2 Na5 18. Bc1 O-O 19. h4 Rc4 20. h5 Rfc8 21. Bd2
Ra4 22. Bc1 Nc4 23. Qb3 Ra1+ 24. Kc2 Na3+ 25. Kd2 Nb1+ 26. Ke1 Nxc3 27. Kf2 Qe2+
28. Kg3 Nxd1 29. Rxd1 Raxc1 30. Rxc1 Rxc1 31. Qa3 Rc2 32. Nh4 Qf2+ 33. Kg4 f5+
34. Nxf5 Qe2+ 35. Kg5 exf5 36. Kxf5 Nf8 37. g4 Qe4+ 0-1

[Event "chess.com SpeedChess Q2Sw"]
[Site "chess.com INT"]
[Date "2022.11.12"]
[Round "14"]
[White "Kukula, Pawel"]
[Black "Odegov, Artem"]
[Result "0-1"]
[BlackTitle "FM"]
[WhiteElo "2135"]
[BlackElo "2286"]
[WhiteFideId "1115081"]
[BlackFideId "34183644"]
[EventDate "2022.11.12"]

1. d4 Nf6 2. Nf3 c5 3. Nc3 cxd4 4. Qxd4 Nc6 5. Qh4 g6 6. Bh6 Qa5 7. Bxf8 Rxf8 8.
O-O-O d6 9. e4 Be6 10. Kb1 O-O-O 11. Nd4 Nxd4 12. Rxd4 Kb8 13. Ra4 Qb6 14. a3
Rc8 15. Rb4 Qa5 16. Rb5 Qc7 17. f3 a6 18. Rb4 Qa5 19. Qf2 Rc5 20. Qd4 Rfc8 21.
Bd3 Nd7 22. Ra4 Qc7 23. Rb4 Ka8 24. Na4 b5 25. Nc3 Ne5 26. Bxb5 axb5 27. Nxb5
Qb6 28. Nc3 Qa7 29. Ra4 Ra5 30. Qb4 Rxa4 31. Nxa4 Rb8 0-1

[Event "chess.com SpeedChess Q2Sw"]
[Site "chess.com INT"]
[Date "2022.11.12"]
[Round "14"]
[White "Azarov, Sergei"]
[Black "Durarbayli, Vasif"]
[Result "1-0"]
[WhiteTitle "GM"]
[BlackTitle "GM"]
[WhiteElo "2562"]
[BlackElo "2612"]
[WhiteFideId "13501470"]
[BlackFideId "13402935"]
[EventDate "2022.11.12"]

1. e4 c5 2. Nf3 d6 3. d4 cxd4 4. Nxd4 Nf6 5. Nc3 a6 6. Bg5 Nbd7 7. f4 h6 8. Bh4
Qc7 9. Be2 b5 10. a4 b4 11. Nd5 Nxd5 12. exd5 Bb7 13. O-O Bxd5 14. Nb5 axb5 15.
Qxd5 Rb8 16. axb5 g5 17. fxg5 e6 18. Qc6 Qc8 19. Bh5 Qxc6 20. Bxf7+ Kd8 21. bxc6
Ne5 22. g6+ Kc7 23. Bf6 Nxf7 24. Ra7+ Kxc6 25. Rxf7 Rg8 26. g7 Bxg7 27. Bxg7
Rbc8 28. Bxh6 Kd5 29. R1f2 Ra8 30. Rd2+ Kc6 31. h3 1-0

[Event "chess.com SpeedChess Q2Sw"]
[Site "chess.com INT"]
[Date "2022.11.12"]
[Round "14"]
[White "Stribuk, Artiom"]
[Black "Drygalov, Sergey"]
[Result "1-0"]
[WhiteTitle "FM"]
[BlackTitle "GM"]
[WhiteElo "2312"]
[BlackElo "2547"]
[WhiteFideId "13515659"]
[BlackFideId "24171743"]
[EventDate "2022.11.12"]

1. d4 Nf6 2. c4 e6 3. g3 d5 4. Bg2 Bb4+ 5. Bd2 a5 6. Nf3 dxc4 7. Qc2 Bxd2+ 8.
Qxd2 b5 9. a4 c6 10. axb5 cxb5 11. Qg5 O-O 12. Qxb5 Nd5 13. Qxc4 Ba6 14. Qc2 Qb6
15. Nc3 Nc6 16. O-O Rab8 17. Rfc1 Rfc8 18. e3 Ncb4 19. Qd2 Nd3 20. Nxd5 Rxc1+
21. Rxc1 exd5 22. Ra1 Qxb2 23. Qxb2 Rxb2 24. Rxa5 Bc4 25. Ra8+ 1-0

[Event "chess.com SpeedChess Q2Sw"]
[Site "chess.com INT"]
[Date "2022.11.12"]
[Round "14"]
[White "Ivic, Velimir"]
[Black "Matinian, Nikita"]
[Result "1-0"]
[WhiteTitle "GM"]
[BlackTitle "GM"]
[WhiteElo "2560"]
[BlackElo "2425"]
[WhiteFideId "950122"]
[BlackFideId "24129100"]
[EventDate "2022.11.12"]

1. Nf3 Nf6 2. g3 g6 3. Bg2 Bg7 4. O-O O-O 5. c4 d6 6. Nc3 Nc6 7. d3 e5 8. Rb1
Re8 9. b4 e4 10. dxe4 Nxe4 11. Nxe4 Rxe4 12. b5 Nd4 13. Nxd4 Rxd4 14. Qb3 Be6
15. Bxb7 Bxc4 16. Qc2 Bd5 17. Bxd5 Rxd5 18. Be3 Qd7 19. Rfc1 Re8 20. Qxc7 Qe6
21. Qc6 Bd4 22. Rb3 Bxe3 23. Rxe3 Re5 24. Rxe5 Qxe5 25. e3 Re6 26. a4 h5 27.
Qa8+ Kh7 28. Qxa7 Rf6 29. Qd4 Qf5 30. e4 Qf3 31. Rc3 1-0

[Event "chess.com SpeedChess Q2Sw"]
[Site "chess.com INT"]
[Date "2022.11.12"]
[Round "14"]
[White "Yeletsky, Ivan"]
[Black "Sevian, Samuel"]
[Result "1-0"]
[WhiteTitle "FM"]
[BlackTitle "GM"]
[WhiteElo "2491"]
[BlackElo "2687"]
[WhiteFideId "24180327"]
[BlackFideId "2040506"]
[EventDate "2022.11.12"]

1. d4 Nf6 2. c4 e6 3. Nf3 c5 4. d5 exd5 5. cxd5 d6 6. Nc3 g6 7. e4 Bg4 8. Be2
Bxf3 9. Bxf3 Bg7 10. O-O O-O 11. Bf4 Re8 12. Re1 Na6 13. Nb5 Bf8 14. e5 dxe5 15.
Bxe5 Nd7 16. Bc3 Qb6 17. a4 Nc7 18. Nxc7 Qxc7 19. d6 Rxe1+ 20. Qxe1 Bxd6 21. Rd1
Rd8 22. Qd2 Be7 23. Qe3 Bf6 24. h4 Bxc3 25. bxc3 Nb6 26. Rxd8+ Qxd8 27. Qxc5
Nxa4 28. Qxa7 Nxc3 29. Qxb7 Qxh4 30. Qc8+ Kg7 31. Qxc3+ Kg8 32. g3 Qd8 33. Kg2
h5 34. Qe5 Qc8 35. Bd5 Qd7 36. Qe4 Kg7 37. Qd4+ Kh7 38. Qe4 Kg7 39. Bb3 Qd6 40.
Qd5 Qf6 41. Bc4 Kg8 42. Qd7 Kg7 43. Bd5 Kg8 44. Qc6 Qf5 45. Be4 Qg5 46. Qd5 Qe7
47. Bxg6 h4 48. Qxf7+ Qxf7 49. Bxf7+ Kxf7 50. gxh4 1-0

[Event "chess.com SpeedChess Q2Sw"]
[Site "chess.com INT"]
[Date "2022.11.12"]
[Round "14"]
[White "Larina, Maria"]
[Black "Matveeva, Olga"]
[Result "0-1"]
[WhiteTitle "WFM"]
[BlackTitle "WIM"]
[WhiteElo "1948"]
[BlackElo "2111"]
[WhiteFideId "24113182"]
[BlackFideId "24107018"]
[EventDate "2022.11.12"]

1. e4 e6 2. d4 d5 3. Nc3 Nf6 4. Bg5 Bb4 5. e5 h6 6. Be3 Ne4 7. Qg4 Kf8 8. a3
Bxc3+ 9. bxc3 c5 10. Bd3 cxd4 11. Bxd4 Qg5 12. Qxg5 Nxg5 13. h4 Ne4 14. Bxe4
dxe4 15. Rb1 b6 16. Rh3 Bb7 17. Bc5+ Ke8 18. Bd6 Nc6 19. Ne2 Na5 20. Rb4 Rc8 21.
Rg3 g6 22. Nd4 Nc4 23. Rb1 Nxd6 24. exd6 Kd7 25. Nb5 a6 26. Nc7 Kxd6 27. Nxe6
Kxe6 28. Rxb6+ Bc6 29. Rxa6 Rhd8 30. Re3 Rd6 31. f3 f5 32. fxe4 Bxe4 33. Ra7
Rcd8 34. g4 Rd1+ 35. Kf2 R8d2+ 36. Kg3 Rg2+ 37. Kf4 Rf1+ 0-1

[Event "chess.com SpeedChess Q2Sw"]
[Site "chess.com INT"]
[Date "2022.11.12"]
[Round "14"]
[White "Vifleemskaia, Svetlana"]
[Black "Lakshmi, C"]
[Result "1/2-1/2"]
[WhiteTitle "WFM"]
[BlackTitle "WFM"]
[WhiteElo "1947"]
[BlackElo "1956"]
[WhiteFideId "4129490"]
[BlackFideId "25035347"]
[EventDate "2022.11.12"]

1. d4 Nf6 2. c4 e6 3. Nc3 Bb4 4. e3 O-O 5. Ne2 d5 6. a3 Be7 7. cxd5 exd5 8. g3
Ne4 9. Bg2 Nf6 10. O-O c6 11. f3 Na6 12. b4 Nc7 13. e4 a5 14. Rb1 axb4 15. axb4
Ne6 16. e5 Ne8 17. f4 f5 18. b5 N8c7 19. b6 Na6 20. Qb3 Nb4 21. Na4 Ra5 22. Bd2
Rb5 23. Nac3 Rxb6 24. Na4 Rb5 25. Nac3 Ra5 26. Na4 Rb5 27. Nac3 Ra5 28. Na4 Rb5 1/2-1/2

[Event "chess.com SpeedChess Q2Sw"]
[Site "chess.com INT"]
[Date "2022.11.12"]
[Round "14"]
[White "Bluebaum, Matthias"]
[Black "Dubov, Daniil"]
[Result "1/2-1/2"]
[WhiteTitle "GM"]
[BlackTitle "GM"]
[WhiteElo "2651"]
[BlackElo "2708"]
[WhiteFideId "24651516"]
[BlackFideId "24126055"]
[EventDate "2022.11.12"]

1. d4 Nf6 2. c4 e6 3. Nc3 d5 4. cxd5 exd5 5. Bg5 Be7 6. e3 O-O 7. Bd3 Re8 8.
Nge2 Nbd7 9. Qc2 Nf8 10. h3 c6 11. O-O Nh5 12. Bxe7 Qxe7 13. Rae1 g6 14. Nc1 Ne6
15. g4 Ng5 16. Kg2 Nf6 17. f3 c5 18. Qf2 Ne6 19. dxc5 Qxc5 20. Nb3 Qb6 21. h4
Bd7 22. g5 Nh5 23. Nxd5 Qd6 24. Be4 Bc6 25. Rd1 Bxd5 26. Rxd5 Nef4+ 27. exf4
Nxf4+ 28. Kh1 Nxd5 29. Qd2 Rad8 30. Rd1 Qg3 31. Bxd5 Rxd5 32. Qxd5 Qh3+ 33. Kg1
Qg3+ 34. Kf1 Qh3+ 35. Kf2 Qh2+ 36. Kf1 Qh1+ 37. Kf2 Qh2+ 38. Kf1 Qh1+ 39. Kf2
Qh2+ 1/2-1/2

[Event "chess.com SpeedChess Q2Sw"]
[Site "chess.com INT"]
[Date "2022.11.12"]
[Round "14"]
[White "Samadov, Read"]
[Black "Ristic, Nebojsa M"]
[Result "1-0"]
[WhiteTitle "FM"]
[BlackTitle "IM"]
[WhiteElo "2450"]
[BlackElo "2335"]
[WhiteFideId "13417444"]
[BlackFideId "900850"]
[EventDate "2022.11.12"]

1. d4 Nf6 2. c4 e6 3. Nf3 b6 4. g3 Bb7 5. Bg2 g6 6. O-O Bg7 7. Nc3 Ne4 8. Nxe4
Bxe4 9. Bg5 Qc8 10. Qd2 h6 11. Be3 Qb7 12. Rfd1 d6 13. d5 e5 14. Rac1 Nd7 15. b3
f5 16. Bf1 Bxf3 17. exf3 g5 18. Qc2 f4 19. Qg6+ Kf8 20. Bh3 Qc8 21. Qf5+ Ke7 22.
Qe6+ Kd8 23. Bd2 Re8 24. Qf7 Bf8 25. b4 Re7 26. Qg8 Re8 27. Qf7 Re7 28. Qf5 Ke8
29. c5 Qd8 30. c6 Nb8 31. Qg6+ Rf7 32. Be6 Qe7 33. b5 a6 34. a4 Bg7 35. Bb4 Bf8
36. Bxd6 cxd6 37. c7 Nd7 38. c8=Q+ Rxc8 39. Rxc8+ 1-0

[Event "chess.com SpeedChess Q2Sw"]
[Site "chess.com INT"]
[Date "2022.11.12"]
[Round "14"]
[White "Grot, Blazej"]
[Black "Selkirk, Rebecca"]
[Result "1-0"]
[WhiteTitle "CM"]
[BlackTitle "WCM"]
[WhiteElo "1839"]
[BlackElo "1674"]
[WhiteFideId "21835845"]
[BlackFideId "14306514"]
[EventDate "2022.11.12"]

1. e4 c6 2. d4 d5 3. Nd2 dxe4 4. Nxe4 Nf6 5. Nxf6+ exf6 6. c3 Be7 7. Bd3 O-O 8.
Ne2 Re8 9. O-O Nd7 10. Ng3 Nf8 11. Qf3 c5 12. d5 Bd6 13. c4 a6 14. Bf4 Bxf4 15.
Qxf4 Bd7 16. Rfe1 Qb6 17. b3 a5 18. Bf5 a4 19. Bxd7 Nxd7 20. Nf5 Ne5 21. Rab1
Qa5 22. Qg3 Ng6 23. Rf1 Re2 24. h4 h5 25. Qf3 Rxa2 26. Qxh5 axb3 27. Rxb3 Qd2
28. Qg4 Ra1 29. Rbb1 Rxb1 30. Rxb1 Qf4 31. Qxf4 Nxf4 32. g3 Ne2+ 33. Kf1 Nd4 34.
Nxd4 cxd4 35. Rxb7 d3 36. Ke1 Rc8 37. Rb4 1-0

[Event "chess.com SpeedChess Q2Sw"]
[Site "chess.com INT"]
[Date "2022.11.12"]
[Round "14"]
[White "Filgueira, Hernan"]
[Black "Grandelius, Nils"]
[Result "0-1"]
[WhiteTitle "IM"]
[BlackTitle "GM"]
[WhiteElo "2283"]
[BlackElo "2657"]
[WhiteFideId "101770"]
[BlackFideId "1710400"]
[EventDate "2022.11.12"]

1. e4 c6 2. Nf3 d5 3. Nc3 dxe4 4. Nxe4 Nf6 5. Qe2 Bg4 6. h3 Bh5 7. d3 Nxe4 8.
Qxe4 Nd7 9. Bd2 Nf6 10. Qf4 Nd5 11. Qg3 e6 12. Be2 Bxf3 13. Qxf3 g6 14. O-O Bg7
15. Rab1 O-O 16. Rfe1 a5 17. a3 b5 18. c4 Ne7 19. Bg5 Rc8 20. Bf1 Qd7 21. g3 Nf5
22. Bg2 h6 23. Be3 Qxd3 24. cxb5 cxb5 25. Bb6 Qxf3 26. Bxf3 a4 27. Be2 Bd4 28.
Bxd4 Nxd4 29. Bd1 Rfd8 30. Kg2 Kg7 31. b3 axb3 32. Bxb3 Rc3 33. Re3 Rxe3 34.
fxe3 Nf5 35. e4 Rd2+ 36. Kf3 Rd3+ 37. Ke2 Rxb3 38. Rxb3 Nd4+ 39. Kd3 Nxb3 40.
Kc3 Na5 41. Kb4 Nc4 42. a4 bxa4 43. Kxc4 Kf6 0-1

[Event "chess.com SpeedChess Q2Sw"]
[Site "chess.com INT"]
[Date "2022.11.12"]
[Round "14"]
[White "Parkhov, Yair"]
[Black "Shimanov, Aleksandr"]
[Result "1-0"]
[WhiteTitle "IM"]
[BlackTitle "GM"]
[WhiteElo "2470"]
[BlackElo "2581"]
[WhiteFideId "2813408"]
[BlackFideId "4198603"]
[EventDate "2022.11.12"]

1. d4 e6 2. Nf3 c5 3. c3 Nc6 4. Bf4 Be7 5. e3 g5 6. Bg3 h5 7. h4 g4 8. Ne5 Nf6
9. Nd2 b6 10. Bd3 Bb7 11. O-O d6 12. Nxc6 Bxc6 13. e4 Nd7 14. Nc4 d5 15. exd5
Bxd5 16. Ne3 Nf6 17. Be5 Rg8 18. Qa4+ Kf8 19. Rad1 cxd4 20. Qxd4 Nd7 21. Bf4 Bf6
22. Bh6+ Bg7 23. Bxg7+ Rxg7 24. Nxd5 exd5 25. Qxd5 Nf6 26. Qf5 Rc8 27. Ba6 1-0

[Event "chess.com SpeedChess Q2Sw"]
[Site "chess.com INT"]
[Date "2022.11.12"]
[Round "14"]
[White "Janaszak, Dawid"]
[Black "Postnikov, Daniil"]
[Result "0-1"]
[WhiteTitle "FM"]
[BlackTitle "FM"]
[WhiteElo "2322"]
[BlackElo "2360"]
[WhiteFideId "1119206"]
[BlackFideId "4166329"]
[EventDate "2022.11.12"]

1. d4 Nf6 2. Bf4 g6 3. Nc3 Bg7 4. e4 d6 5. Qd2 c6 6. Bh6 Bxh6 7. Qxh6 Qa5 8.
O-O-O b5 9. e5 dxe5 10. dxe5 Ng4 11. Qg7 Rf8 12. Nh3 b4 13. Ne4 Qxe5 14. Rd8+
Kxd8 15. Qxf8+ Kc7 16. Bd3 f6 17. f4 Qe6 18. Re1 Nd7 19. Qg7 Nc5 20. Re2 Nxd3+
21. cxd3 Bd7 22. f5 gxf5 23. Ng3 Qxa2 24. Rxe7 Rd8 25. Nf4 Qa1+ 26. Kc2 b3+ 27.
Kxb3 Rb8+ 28. Kc2 Rxb2+ 29. Kc3 Qc1+ 30. Kd4 Rb4# 0-1

[Event "chess.com SpeedChess Q2Sw"]
[Site "chess.com INT"]
[Date "2022.11.12"]
[Round "14"]
[White "Barria Zuniga, Daniel"]
[Black "Omariev, Maksim"]
[Result "1-0"]
[WhiteTitle "IM"]
[BlackTitle "FM"]
[WhiteElo "2341"]
[BlackElo "2304"]
[WhiteFideId "3400816"]
[BlackFideId "4193423"]
[EventDate "2022.11.12"]

1. c4 h5 2. Nc3 h4 3. d4 c6 4. e4 d6 5. f4 h3 6. g3 e5 7. Nf3 exd4 8. Qxd4 Be7
9. Be3 Bf6 10. Qd3 Bg4 11. Be2 Na6 12. O-O-O Qa5 13. Bd4 O-O-O 14. a3 Nc5 15.
Bxc5 dxc5 16. Qe3 Bxc3 17. Rxd8+ Kxd8 18. Qxc3 Qxc3+ 19. bxc3 Nf6 20. e5 Ne4 21.
Kb2 f5 22. Re1 Ke7 23. Nh4 Bxe2 24. Ng6+ Ke6 25. Nxh8 Bh5 26. g4 Bxg4 27. Ng6
Kf7 28. Nh4 Nf2 29. Kc2 Ne4 30. Rb1 b6 31. a4 g5 32. fxg5 f4 33. a5 f3 34. Nxf3
Bxf3 35. Rxb6 axb6 36. a6 Nxg5 37. a7 b5 38. a8=Q Ne6 39. Qh8 Be4+ 40. Kc1 bxc4
41. Qf6+ Ke8 42. Qxe6+ 1-0